Manual de derecho comercial

Guardat en:
Dades bibliogràfiques
Autor principal: Sandoval López, Ricardo (autor)
Format: Llibre
Idioma:espanyol
Publicat: Santiago, Chile: Jurídica de Chile, 1981-1983
Edició:1a edición
Col·lecció:Colección Manuales jurídicos, 83, 84, 85
Matèries:
Etiquetes: Afegir etiqueta
Sense etiquetes, Sigues el primer a etiquetar aquest registre!

MARC

LEADER 00000nam a2200000 a 4500
001 UCY0881
003 CL-VaPUC
005 20240718163320.0
008 940816e19810000CL |||||||||||||||||spa|d
999 |c 229772  |d 229770 
040 |c Pontificia Universidad Católica de Valparaíso 
082 0 4 |a 346.07 SAN 1981  |2 21 
082 0 4 |a 346.07 SAN 1983  |2 21 
100 1 |a Sandoval López, Ricardo  |e autor  |9 170 
245 1 0 |a Manual de derecho comercial 
250 |a 1a edición 
260 |a Santiago, Chile:  |b Jurídica de Chile,  |c 1981-1983 
300 |a 3 tomos 
490 0 |a Colección Manuales jurídicos, 83, 84, 85 
505 |a t.1: Generalidades del derecho comercial -- Primera parte: Actos de comercio y organización jurídica de la empresa 
505 |a t.2: Títulos de crédito, operaciones bancarias y mercado de capitales. Sociedades anónimas. 
505 |a t.3: Derecho de quiebras 
583 |a last modification  |c 19940816 00:00:00  |k Rodrigo Vera 
650 1 |a Derecho comercial chileno  |9 430902 
650 1 |a Fuentes del derecho comercial  |9 890218 
650 1 |a Actos del comercio  |9 382241 
650 1 |a Sociedades colectivas   |9 386924 
650 1 |a Sociedades de personas  |9 432677 
650 1 |a Sociedades anónimas  |9 255387 
650 1 |a Establecimiento de comercio  |9 661185 
650 1 |a Ordenamiento jurídico  |9 355371 
650 1 |a Código de comercio  |9 329302 
650 1 |a Títulos de crédito  |9 386704 
650 1 |a Operaciones bancarias  |9 337857 
650 1 |a Mercado de capitales  |9 330596 
650 1 |a Derecho de quiebra  |9 427106 
942 |c BK  |2 ddc 
945 |d 19940816 00:00:00  |a aalvarez 
952 |0 0  |1 0  |4 0  |6 346_070000000000000_SAN_1981  |7 0  |8 A  |9 231321  |a BIBDER  |b BIBDER  |d 2019-11-15  |h t.I  |i 3007901  |o 346.07 SAN 1981  |p 3007901  |r 2023-01-25  |w 2019-11-15  |y BK  |k DER 
952 |0 0  |1 0  |4 0  |6 346_070000000000000_SAN_1981  |7 0  |8 P  |9 231322  |a BIBGIM  |b BIBGIM  |d 2019-11-15  |h v.1  |i 1999230  |o 346.07 SAN 1981  |p 1999230  |r 2025-01-15  |w 2019-11-15  |y BK  |k COM 
952 |0 0  |1 0  |4 0  |6 346_070000000000000_SAN_1983  |7 0  |8 A  |9 231323  |a BIBDER  |b BIBDER  |d 2019-11-15  |h t.III  |i 3010139  |o 346.07 SAN 1983  |p 3010139  |r 2023-01-25  |w 2019-11-15  |y BK  |k DER 
952 |0 0  |1 0  |4 0  |6 346_070000000000000_SAN_1981  |7 0  |8 P  |9 231324  |a BIBGIM  |b BIBGIM  |d 2019-11-15  |h v.3  |i 1999486  |o 346.07 SAN 1981  |p 1999486  |r 2025-01-15  |w 2019-11-15  |y BK  |k COM 
952 |0 0  |1 0  |4 0  |6 346_070000000000000_SAN_1983  |7 0  |8 A  |9 231325  |a BIBDER  |b BIBDER  |d 2019-11-15  |h t.II  |i 3007847  |o 346.07 SAN 1983  |p 3007847  |r 2023-01-25  |w 2019-11-15  |y BK  |k DER 
952 |0 0  |1 0  |4 0  |6 346_070000000000000_SAN_1983  |7 0  |8 A  |9 231326  |a BIBDER  |b BIBDER  |d 2019-11-15  |h t.II  |i 300791K  |o 346.07 SAN 1983  |p 300791K  |r 2023-01-25  |w 2019-11-15  |y BK  |k DER 
952 |0 0  |1 0  |4 0  |6 346_070000000000000_SAN_1983  |7 0  |8 A  |9 231327  |a BIBDER  |b BIBDER  |d 2019-11-15  |h t.III  |i 3007928  |o 346.07 SAN 1983  |p 3007928  |r 2023-01-25  |w 2019-11-15  |y BK  |k DER